| 000 | 00564nam a2200193 i 4500 | ||
|---|---|---|---|
| 001 | 38129 | ||
| 003 | ES-MaACL | ||
| 005 | 20250820063026.0 | ||
| 007 | t| | ||
| 008 | 030224s1955 sp ||||1| spa d | ||
| 100 | 1 |
_aCalandre, Luis, _d1890-1961 _933528 |
|
| 245 | 1 | 0 |
_aElectrocardiografía práctica / _cL. Calandre. |
| 260 |
_aMadrid : _bAlmenara, _c1955 ( _fAldus) |
||
| 300 |
_a150 p. : _bil. ; _c22 cm. |
||
| 650 | 4 |
_aElectrocardiografía. _9140101 |
|
| 852 |
_aES-MaACL _jC-9129 _bR.37157 |
||
| 852 |
_aES-MaACL _jC-10349 |
||
| 999 |
_c38129 _d38129 |
||